Normal view
MARC view
Entry Topical Term
001 - CONTROL NUMBER
- control field: 27348
003 - CONTROL NUMBER IDENTIFIER
- control field: ARRUPE
005 - DATE AND TIME OF LATEST TRANSACTION
- control field: 20161108111511.0
008 - FIXED-LENGTH DATA ELEMENTS
- fixed length control field: 161108|| aca||aabn | a|a d
040 ## - CATALOGING SOURCE
- Original cataloging agency: ARRUPE
- Transcribing agency: ARRUPE
150 ## - HEADING--TOPICAL TERM
- Topical term or geographic name as entry element: Economics
- General subdivision: Religious aspects
- General subdivision: Christianity
- General subdivision: Study and teaching
670 ## - SOURCE DATA FOUND
- Source citation: Work cat.: (ARRUPE): World Council of Churches. Advisory Group of Economic Matters 27347, Christian faith and the world economy today, 1992